00638 2200241 4500001002100000005001700021008004100038020002200079035002400101082001100125090002100136100002000157245007900177260002300256300002800279650002300307700001200330700000900342850000900351985000600360999001500366999001500381YOGYA-0209000007326420090227093719.0 ind  a978-979-1136-74-7 0010-020900000073264 a028.55 a028.55bWin JlK aWINDAYA, Jajang aJeri jerapah berleher pendekcJajang Windaya;editor,Abusiri;ilustrasi,Jati aKlatenbSMKKc2007 avi,137 hlmbilusc20 cm aBacaan Kanak-kanak aAbusiri aJati aBPAD a2 a08P0002644 a08P0002645